Ocean vu, jog to beach : (Запис № 532143)

МАРК-запис
000 -LEADER
fixed length control field 01452cam a2200361 a 4500
001 - CONTROL NUMBER
control field oceanvujogtobeac00wood
003 - CONTROL NUMBER IDENTIFIER
control field CaSfIA
005 - DATE AND TIME OF LATEST TRANSACTION
control field 20210118194117.0
007 - PHYSICAL DESCRIPTION FIXED FIELD--GENERAL INFORMATION
fixed length control field cr||||
008 - FIXED-LENGTH DATA ELEMENTS--GENERAL INFORMATION
fixed length control field 880119s1988 nyu 000 1 eng
010 ## - LIBRARY OF CONGRESS CONTROL NUMBER
LC control number 88001983
040 ## - CATALOGING SOURCE
Original cataloging agency DLC
Transcribing agency DLC
Modifying agency BTCTA
-- YDXCP
-- OTP
-- CaSfIA
020 ## - INTERNATIONAL STANDARD BOOK NUMBER
International Standard Book Number 0312018304 :
Terms of availability $17.95
020 ## - INTERNATIONAL STANDARD BOOK NUMBER
International Standard Book Number 9780312018306
035 ## - SYSTEM CONTROL NUMBER
System control number (OCoLC)17440791
050 00 - LIBRARY OF CONGRESS CALL NUMBER
Classification number PS3573.O589
Item number O24 1988
082 04 - DEWEY DECIMAL CLASSIFICATION NUMBER
Classification number 813/.54
Edition number 19
029 1# - (OCLC)
OCLC library identifier YDXCP
System control number 180199
029 1# - (OCLC)
OCLC library identifier NZ1
System control number 3438031
029 1# - (OCLC)
OCLC library identifier AU@
System control number 000005708026
100 1# - MAIN ENTRY--PERSONAL NAME
Personal name Wood, Clement Biddle.
245 10 - TITLE STATEMENT
Title Ocean vu, jog to beach :
Medium [electronic resource]
Remainder of title a novel /
Statement of responsibility, etc Clement Biddle Wood.
250 ## - EDITION STATEMENT
Edition statement 1st ed.
260 ## - PUBLICATION, DISTRIBUTION, ETC. (IMPRINT)
Place of publication, distribution, etc New York :
Name of publisher, distributor, etc St. Martin's Press,
Date of publication, distribution, etc c1988.
300 ## - PHYSICAL DESCRIPTION
Extent ix, 308 p. ;
Dimensions 22 cm.
500 ## - GENERAL NOTE
General note "A Thomas Dunne book."
506 ## - RESTRICTIONS ON ACCESS NOTE
Standardized terminology for access restriction Необхідна авторизація на https://archive.org/ (створення облікового запису безкоштовно)
506 ## - RESTRICTIONS ON ACCESS NOTE
Standardized terminology for access restriction Необхідна авторизація на https://openlibrary.org/ (створення облікового запису безкоштовно)
740 01 - ADDED ENTRY--UNCONTROLLED RELATED/ANALYTICAL TITLE
Uncontrolled related/analytical title Ocean view, jog to beach.
856 41 - ELECTRONIC LOCATION AND ACCESS
Uniform Resource Identifier <a href="http://www.archive.org/details/oceanvujogtobeac00wood">http://www.archive.org/details/oceanvujogtobeac00wood</a>
Public note Free eBook from the Internet Archive
856 42 - ELECTRONIC LOCATION AND ACCESS
Uniform Resource Identifier <a href="http://www.openlibrary.org/books/OL2526774M">http://www.openlibrary.org/books/OL2526774M</a>
Public note Additional information and access via Open Library
942 ## - ADDED ENTRY ELEMENTS (KOHA)
Koha item type ЕКнига

Немає доступних примірників.